000 00736nam a2200205Ia 4500
999 _c40265
_d40265
001 6873
003 GE_BSU
005 20200129160930.0
008 181216s1937||||g |||||||||||||| ||geo||
040 _cGE_BSU
041 _ageo
080 _a821.353.1-1 გ-66
100 _aგომიაშვილი, ალექსანდრე.
_96494
245 _aლექსები /
_cალექსანდრე გომიაშვილი ; რედ. ი. თავაძე.
264 _aტფილისი :
_bფედერაცია,
_c1937.
300 _a88 გვ.;
_e18 სმ.
653 _aლექსები
700 _aთავაძე, ი.
_eრედაქტორი
_96498
942 _cBK
_2udc